000 00328nam a22001217a 4500
082 _a510 PAL'P
100 _aPALMER, C.I,BIBB, S.F
_978513
245 _aPRACTICAL MATHEMATICS ARITHMATIC ALGEBRA GEOMETRY TRIGNOMETRY AND THE SLIDE RULE
250 _a5TH
260 _aNEWYORK
_bMCGRAW HILL
_c1970
300 _a567P
942 _cBK
999 _c583623
_d583623